Negyedszázados jubileum

Správa o tom, že rímskokatolícky hodnostár, kanonik Andrej (Endre) Lehoczky oslavuje 25. výročie svojho pôsobenie v Snine. Gratulácie.

Podrobná bibliografia
Médium: Článok
Jazyk:Hungarian
Témy:
Zdroj: 1. Felvidéki Hirlap : Közgazdasági, társadalmi és szépirodalmi hetilap 1. Roč. 1, č. 22 (09.08.1908) s. 3
LEADER 00982nab#a2200313#ar4500
001 000072906
003 SVKKK
005 20030415xxxxxxx.
008 06 c xo huno
FMT
038 |a SVKKK 
040 |a SVKKK  |b slo  |e AACR2 
041 0 |a hun 
044 |a xo  |c SK 
080 |a 282 
242 1 0 |a Štvrstoročné jubileum 
245 0 0 |a Negyedszázados jubileum 
500 |a mikrofilm 
520 2 |a Správa o tom, že rímskokatolícky hodnostár, kanonik Andrej (Endre) Lehoczky oslavuje 25. výročie svojho pôsobenie v Snine. Gratulácie. 
650 0 4 |a Lehoczky, Andrej (farár rímskokatolícky) - Snina (HN) - pôsobenie dlhoročné (25.) - gratulácie - august 1908 - správy 
773 0 |t Felvidéki Hirlap : Közgazdasági, társadalmi és szépirodalmi hetilap  |g Roč. 1, č. 22 (09.08.1908) s. 3 
957 |a Snina 
958 |a CI 
958 |a DG 
958 |a SK 
974 |a Ba  |d 20030415 
992 |a RBX 
BAS
998 |a RETRO